Responses for Show #3006 - Monday, September 29, 1997

Contestants

[<< previous game]

Dave Moes, a financial consultant from Chicago, Illinois

Naomi Rose, a marine mammal scientist from Gaithersburg, Maryland

Pete Vodola, an attorney from Newtown, Connecticut (whose 1-day cash winnings total $18,800)

[next game >>]

Jeopardy! Round responses

EUROPEAN GEOGRAPHY
SAUCE
FOR MOTHER GOOSE
THE 1980s
TV VEHICLES
THE "ROCKY"s
    $100 6
Romania

Pete
    $100 11
Tomato

Naomi
    $100 14
Nightgown

Triple Stumper
    $100 1
Rodney Dangerfield

Pete
    $100 13
His motorcycle

Pete
    $100 15
Rocky road

Pete
    $200 7
Portugal

Naomi
    $200 12
(D: What is a boat?)
(Judges: Yes!)

Gravy boat

Dave
    $200 24
Candlestick maker

Pete
    $200 2
Dr. Ruth Westheimer

Dave
    $200 20
The A-Team

Naomi
    $200 16
Rocky Raccoon

Naomi
    $300 8
Aegean Sea

Pete
    $300 27
Hunger

Triple Stumper
    $300 25
(Alex: With a minute left.)

the Sparrow

Triple Stumper
    $500 3
(Dave: What is a [**]?)
[Originally ruled incorrect; reversed at first break]

a California condor (condor accepted)

Dave
    $300 21
Taxi

Pete
    $300 17
The Rocky Horror Picture Show

Naomi
    $400 9
Sicily

Naomi
    $400 28
(Naomi: What is bearnaise?)

bordelaise sauce

Naomi
Triple Stumper
    $400 26
Marries

Triple Stumper
    $400 4
Eric Heiden

Pete
    $400 22
Quinton McHale

Naomi
    $400 18
Rocky Top, Tennessee

Dave
    $500 10
Baltic Sea

Naomi
    $500 29
Tabasco sauce

Pete
    $500 30
"Over The Hills And Far Away"

Triple Stumper
    $500 5
Hirohito

Pete
    $500 23
KITT

Naomi
    $500 19
(Pete: Who is Rocky Marciano?)
...
(Alex: Marciano was heavyweight champ, not in those years.)

Rocky Graziano

PeteDave

Scores at the first commercial break (after clue 14):

Pete Naomi Dave
$1,500 $1,200 $900

Scores at the end of the Jeopardy! Round:

Pete Naomi Dave
$2,100 $2,400 $1,800

Double Jeopardy! Round responses

HISTORIC QUOTES
SHE-PLANTS
ARTISTS
INTERNATIONAL FILM STARS
LITERARY FORMS
15-LETTER WORDS
(Alex: An intimidating-sounding category!)
    $200 6
Elizabeth I

Naomi
    $200 11
Petunia

Pete
    $200 16
Pablo Picasso

Naomi
    $200 1
Ralph Fiennes

Naomi
    $200 24
(Alex: And we have about a minute to go.)

whodunit

Pete
    $200 19
Excommunication

Pete
    $400 7
(Naomi: Who was Napoleon?)

Charles de Gaulle

PeteNaomi
    $400 12
Rosemary

Naomi
    $400 17
Vincent Van Gogh

Dave
    $400 2
Sean Connery

Naomi
    $400 30
Black comedy

Triple Stumper
    $400 20
Confidentiality

Naomi
    $600 8
Anne Frank

Dave
    $600 13
Lily

Naomi
    $600 18
(Naomi: Who is Jean Renoir?)

Salvador Dali

PeteNaomi
    $1,200 3
Omar Sharif

Naomi
    $600 29
(Pete: What is a fable?)

a fairy tale

Pete
Triple Stumper
    $600 21
Prognostication

Naomi
    $800 9
Euclid

Dave
    $1,200 14
(Naomi: What is ash?)

witch hazel

Naomi
    $800 26
(Naomi: Who is Toulouse-Lautrec?)
(Dave: Who is Degas?)

Edouard Manet

NaomiDave
Triple Stumper
    $800 4
(Dave: Who is Liv Ullmann?)

Sophia Loren

NaomiDave
    $800 27
Epigram

Naomi
    $800 22
Parliamentarian

Dave
    $1000 10
(Naomi: Who is Napoleon?)

Duke of Wellington

PeteNaomi
    $1000 15
Heather

Triple Stumper
    $1000 25
William Hogarth

Triple Stumper
    $1000 5
Sir Alec Guinness

Triple Stumper
    $1000 28
Free verse

Triple Stumper
    $1000 23
Gotterdammerung

Naomi

Scores at the end of the Double Jeopardy! Round:

Pete Naomi Dave
$4,100 $5,200 $2,800

[wagering suggestions for these scores]

Final Jeopardy! Round responses

RELIGIOUS TITLES
(Alex: There are about 300 with the title of "bishop" in the U.S.)
DaveWhat are ArchBishops
$2,799
PeteWhat is bishop?
$4,100
NaomiWhat is Archbishop?
$3,001
Archbishop

Final scores:

Pete Naomi Dave
$0 $8,201 $5,599
3rd place: Monorail Desktop PC New champion: $8,201 2nd place: Trip to the Colony Beach & Tennis Resort, Longboat Key, Florida

Game dynamics:

Coryat scores:

Pete Naomi Dave
$4,100 $5,800 $2,600
16 R,
2 W
21 R
(including 1 DD),
6 W
(including 1 DD)
9 R
(including 1 DD),
2 W

Combined Coryat: $12,500

[game clues] [game scores] [suggest correction]

Game tape date: Unknown
The J! Archive is created by fans, for fans. Scraping, republication, monetization, and malicious use prohibited; this site may use cookies and collect identifying information. See terms. The Jeopardy! game show and all elements thereof, including but not limited to copyright and trademark thereto, are the property of Jeopardy Productions, Inc. and are protected under law. This website is not affiliated with, sponsored by, or operated by Jeopardy Productions, Inc. Join the discussion at JBoard.tv.